INVESTIGACION DE OPERACIONES : (Registro nro. 2573)
[ vista simple ]
| 000 -LEADER | |
|---|---|
| fixed length control field | 00532nam a2200181 a 4500 |
| 001 - CONTROL NUMBER | |
| control field | 2573 |
| 005 - DATE AND TIME OF LATEST TRANSACTION | |
| control field | 20180713182539.0 |
| 008 - FIXED-LENGTH DATA ELEMENTS--GENERAL INFORMATION | |
| fixed length control field | 140415s1975 mx 000 0 spa d |
| 041 ## - LANGUAGE CODE | |
| Language code of text/sound track or separate title | spa |
| 082 ## - DEWEY DECIMAL CLASSIFICATION NUMBER | |
| Classification number | 658.4034 |
| Item number | SHA |
| 100 1# - MAIN ENTRY--PERSONAL NAME | |
| Personal name | SHAMBLIN, JAMES E. |
| 245 10 - TITLE STATEMENT | |
| Title | INVESTIGACION DE OPERACIONES : |
| Remainder of title | UN ENFOQUE FUNDAMENTAL |
| 250 ## - EDITION STATEMENT | |
| Edition statement | 1a ed. |
| 260 ## - PUBLICATION, DISTRIBUTION, ETC. | |
| Place of publication, distribution, etc. | MEXICO : |
| Name of publisher, distributor, etc. | MC GRAW HILL INTERAMERICANA DE MEXICO, |
| Date of publication, distribution, etc. | 1975, 1985 |
| 300 ## - PHYSICAL DESCRIPTION | |
| Extent | 423 |
| 700 1# - ADDED ENTRY--PERSONAL NAME | |
| Personal name | DUARTE TORRES, ALBERTO |
| Relator term | tr. |
| 700 1# - ADDED ENTRY--PERSONAL NAME | |
| Personal name | STEVEN, G. T. |
| Relator term | coaut. |
| Withdrawn status | Lost status | Source of classification or shelving scheme | Damaged status | Not for loan | Collection code | Home library | Current library | Shelving location | Date acquired | Source of acquisition | Inventory number | Total Checkouts | Full call number | Barcode | Date last seen | Price effective from | Koha item type |
|---|---|---|---|---|---|---|---|---|---|---|---|---|---|---|---|---|---|
| Dewey Decimal Classification | General | Biblioteca Karol Wojtyla | Biblioteca Karol Wojtyla | Sala general | 03/12/2013 | Compra | 151000000000000000014011 | 658.4034 SHA | 13412 | 05/01/2026 | 03/12/2013 | Libro |